000
00307nam a22001217a 4500
008
171220b xxu||||| |||| 00| 0 eng d
041
_a
eng
080
_a
611.085
100
_a
7
101
_a
HIS
245
_a
HISTOLOGICAL AND CYTOLOGICAL AND TYPING OF NEOPLASTIC DISEASE
_c
MATHE.G
942
_2
udc
_c
BK
999
_c
39248
_d
39248